History Quiz

Random History Quiz

Events in history Quiz Stats

 Plays Quiz not verified by Sporcle

Score 0/13 Timer 13:00
0 Plays Today
Hint Answer % Correct
World War 2Hitler
96.6%
World War 2Germany
89.7%
World War 21945
82.8%
World War 2Jewish
79.3%
World War 2Japan
79.3%
World War 21939
79.3%
World War 2suicide
79.3%
World War 2Pearl Harbor
72.4%
Vietnam WarJFK
58.6%
Vietnam WarEisenhower
48.3%
World War 2America
20.7%
Vietnam War3 Million
10.3%
Vietnam War58,000
3.4%

You're not logged in!

Compare scores with friends on all Sporcle quizzes.
OR
Log In

Show Comments

Extras

Created Mar 17, 2014ReportNominate
Tags:event

Top Quizzes Today


Score Distribution

Your Account Isn't Verified!

In order to create a playlist on Sporcle, you need to verify the email address you used during registration. Go to your Sporcle Settings to finish the process.

Report this User

Report this user for behavior that violates our Community Guidelines.

Details: